Ceza muhakemeleri usulü kanunu şerhi ve ilgili mevzuat 3: madde 327-466 (Record no. 11031)

000 -LEADER
fixed length control field 00868nmm a2200253 a 4500
001 - CONTROL NUMBER
control field ocm0001083837
003 - CONTROL NUMBER IDENTIFIER
control field TR-IsHL
005 - DATE AND TIME OF LATEST TRANSACTION
control field 20201028151501.0
008 - FIXED-LENGTH DATA ELEMENTS--GENERAL INFORMATION
fixed length control field 150709s1988 tu tur
007 - PHYSICAL DESCRIPTION FIXED FIELD--GENERAL INFORMATION
fixed length control field cr cn
035 ## - SYSTEM CONTROL NUMBER
System control number 1083837
-- (N$T)
050 04 - LIBRARY OF CONGRESS CALL NUMBER
Classification number KKX4604.31929
Item number .Y87 1988
090 04 - LOCALLY ASSIGNED LC-TYPE CALL NUMBER (OCLC); LOCAL CALL NUMBER (RLIN)
Classification number (OCLC) (R) ; Classification number, CALL (RLIN) (NR) KKX4604.31929
Local cutter number (OCLC) ; Book number/undivided call number, CALL (RLIN) .Y87 1988
100 1# - MAIN ENTRY--PERSONAL NAME
Personal name Yurtcan, Erdener
245 10 - TITLE STATEMENT
Title Ceza muhakemeleri usulü kanunu şerhi ve ilgili mevzuat 3: madde 327-466
Medium [electronic resource] /
Statement of responsibility, etc. Erdener Yurtcan
260 ## - PUBLICATION, DISTRIBUTION, ETC.
Place of publication, distribution, etc. İstanbul :
Name of publisher, distributor, etc. Erdener Yurtcan Kitaplığı,
Date of publication, distribution, etc. 1988
300 ## - PHYSICAL DESCRIPTION
Extent 1019 p.
650 #4 - SUBJECT ADDED ENTRY--TOPICAL TERM
Topical term or geographic name entry element Hukuk
650 #4 - SUBJECT ADDED ENTRY--TOPICAL TERM
Topical term or geographic name entry element Law
650 #0 - SUBJECT ADDED ENTRY--TOPICAL TERM
Topical term or geographic name entry element Ceza yargılaması
General subdivision Türkiye
650 #0 - SUBJECT ADDED ENTRY--TOPICAL TERM
Topical term or geographic name entry element Criminal procedure
General subdivision Turkey
650 #7 - SUBJECT ADDED ENTRY--TOPICAL TERM
Topical term or geographic name entry element LAW / Criminal Law / General
Source of heading or term bisacsh
856 40 - ELECTRONIC LOCATION AND ACCESS
Uniform Resource Identifier <a href="http://search.ebscohost.com/login.aspx?direct=true&scope=site&db=e011xww&AN=1083837">http://search.ebscohost.com/login.aspx?direct=true&scope=site&db=e011xww&AN=1083837</a>
Holdings
Withdrawn status Lost status Source of classification or shelving scheme Damaged status Not for loan Collection code Permanent Location Current Location Date acquired Total Checkouts Full call number Barcode Date last seen Price effective from Koha item type
        Online   Kıbrıs Amerikan Üniversitesi Kütüphanesi / American University of Cyprus Kıbrıs Amerikan Üniversitesi Kütüphanesi / American University of Cyprus 28.10.2020   KKX4604.31929 .Y87 1988 1083837 28.10.2020 28.10.2020 E-Kitap
Devinim Yazılım Eğitim Danışmanlık tarafından Koha'nın orjinal sürümü uyarlanarak geliştirilip kurulmuştur.